[Event "Scarborough CC-ch"]
[Site "Toronto CAN"]
[Date "2018.04.19"]
[Round "3.5"]
[White "Stefanovic, Miroslav"]
[Black "Yie, Kevin"]
[Result "1-0"]
[WhiteElo "2047"]
[BlackElo "2150"]
[PlyCount "131"]
[EventDate "2018.04.05"]
[EventType "swiss"]
[EventRounds "6"]
[EventCountry "CAN"]

1. d4 d5 2. c4 e6 3. Nc3 Nf6 4. Bg5 Be7 5. e3 c6 6. cxd5 exd5 7. Bd3 Nbd7 8.
Nge2 Nf8 9. O-O Ne6 10. Bxf6 Bxf6 11. Qc2 h6 12. b4 O-O 13. Rab1 a6 14. Na4 Re8
15. Nc5 Qd6 16. Rfc1 Bd8 17. Ng3 Bc7 18. Qd1 b6 19. Nxe6 Bxe6 20. Qe2 Bc8 21.
Qh5 b5 22. Rc5 Bd7 23. Rbc1 Rac8 24. a3 a5 25. Qd1 axb4 26. axb4 Bb6 27. R5c2
Qxb4 28. Bf5 Bxf5 29. Nxf5 Re6 30. Qg4 Qf8 31. Ra2 Kh7 32. Ra6 Rg6 33. Qf4 Qd8
34. h4 Ra8 35. Rxa8 Qxa8 36. e4 Bd8 37. e5 b4 38. Qe3 Qa2 39. Qd3 Qb2 40. Rd1
Qc3 41. Qb1 Qh3 42. g3 h5 43. Rd2 Kg8 44. Rb2 Qg4 45. Rxb4 Re6 46. Rb8 Re8 47.
Nd6 Rf8 48. Qb7 Qd1+ 49. Kg2 Qxd4 50. Qd7 Qxe5 51. Rxd8 Rxd8 52. Qxd8+ Kh7 53.
Nxf7 Qe4+ 54. Kh2 Qf5 55. Ng5+ Kh6 56. Qd6+ Qf6 57. Qxf6+ gxf6 58. Ne6 Kg6 59.
Kg2 f5 60. Kf3 Kf6 61. Nf4 Ke5 62. Ke3 c5 63. Nxh5 c4 64. Nf4 d4+ 65. Kd2 Ke4
66. h5 1-0

[Event "Scarborough CC-ch"]
[Site "Toronto CAN"]
[Date "2018.04.19"]
[Round "3.6"]
[White "Feng, Richard"]
[Black "Zheng, Kevin"]
[Result "1-0"]
[WhiteElo "2075"]
[BlackElo "2022"]
[PlyCount "119"]
[EventDate "2018.04.05"]
[EventType "swiss"]
[EventRounds "6"]
[EventCountry "CAN"]

1. e4 c5 2. Nf3 Nc6 3. d4 cxd4 4. Nxd4 g6 5. c4 Nf6 6. Nc3 Nxd4 7. Qxd4 d6 8.
Bg5 Bg7 9. Qd2 Be6 10. Rd1 O-O 11. Be2 Qa5 12. O-O Rfc8 13. Bxf6 Bxf6 14. Nd5
Qxd2 15. Rxd2 Kg7 16. f4 Rc5 17. g4 Bxd5 18. exd5 h6 19. b4 Bc3 20. Rc2 Bxb4
21. Rb1 a5 22. Ra1 Ba3 23. Rb1 Rc7 24. Rc3 Bc5+ 25. Kg2 a4 26. a3 g5 27. f5 e6
28. dxe6 fxe6 29. fxe6 Re8 30. Bf3 Rxe6 31. Rxb7 Rxb7 32. Bxb7 Re2+ 33. Kg3 Bd4
34. Rd3 Be5+ 35. Kf3 Rxh2 36. Bc6 Rc2 37. Bb5 Kf6 38. Ke4 Rg2 39. Rf3+ Ke6 40.
Rh3 Rxg4+ 41. Kf3 Rf4+ 42. Ke3 Bg7 43. Bxa4 Kf5 44. Bb5 g4 45. Rh5+ Kg6 46.
Be8+ Rf7 47. Bxf7+ Kxf7 48. Kf4 Bb2 49. a4 Ke7 50. Kxg4 Bc1 51. Rd5 Kd7 52. Rd1
Be3 53. Rd3 Bb6 54. Kh5 Kc6 55. Rb3 Bd4 56. Rb5 Be3 57. a5 Kc7 58. a6 Kc8 59.
Rb7 Bd2 60. Rb2 1-0

[Event "Scarborough CC-ch"]
[Site "Toronto CAN"]
[Date "2018.04.19"]
[Round "3.7"]
[White "Picana, Andrew"]
[Black "Noor Ali, Aahil"]
[Result "1/2-1/2"]
[WhiteElo "2039"]
[BlackElo "2132"]
[PlyCount "90"]
[EventDate "2018.04.05"]
[EventType "swiss"]
[EventRounds "6"]
[EventCountry "CAN"]

1. e4 e5 2. Nf3 Nc6 3. Bb5 a6 4. Ba4 Nf6 5. O-O b5 6. Bb3 Be7 7. Re1 d6 8. c3
O-O 9. h3 Na5 10. Bc2 c5 11. d4 Qc7 12. Nbd2 Bd7 13. Nf1 Rac8 14. Ne3 Rfe8 15.
dxe5 dxe5 16. Nd5 Nxd5 17. exd5 f6 18. b3 c4 19. b4 Nb7 20. Nh4 g6 21. Nxg6
hxg6 22. Bxg6 Kg7 23. Re3 Rh8 24. Rg3 Kf8 25. Qf3 Nd6 26. Bg5 f5 27. Re1 Bxg5
28. Rxg5 Qd8 29. Bxf5 Qxg5 30. Bxd7+ Kg7 31. Bxc8 Rxc8 32. Re3 e4 33. Qd1 Kh6
34. Rg3 Qf6 35. Qd2+ Kh7 36. Qe2 Qf5 37. Qe3 Rf8 38. Rg5 Qf4 39. Rh5+ Kg6 40.
Qxf4 Rxf4 41. Re5 Rf5 42. Re6+ Rf6 43. Re5 Rf5 44. Re6+ Rf6 45. Re5 Rf5 1/2-1/2

[Event "Scarborough CC-ch"]
[Site "Toronto CAN"]
[Date "2018.04.19"]
[Round "3.8"]
[White "Ning, Eric"]
[Black "De Costa, Alex"]
[Result "1-0"]
[WhiteElo "2076"]
[BlackElo "1835"]
[PlyCount "65"]
[EventDate "2018.04.05"]
[EventType "swiss"]
[EventRounds "6"]
[EventCountry "CAN"]

1. d4 Nf6 2. c4 g6 3. Nc3 Bg7 4. e4 d6 5. Nf3 O-O 6. Be2 e5 7. O-O Nc6 8. d5
Ne7 9. b4 Nh5 10. Ba3 Nf4 11. c5 Nxe2+ 12. Qxe2 f5 13. Rac1 fxe4 14. Qxe4 Bf5
15. Qc4 Rc8 16. b5 Kh8 17. Rcd1 Ng8 18. Nd2 Nf6 19. Nde4 Nh5 20. Qb4 dxc5 21.
Qxc5 Nf4 22. f3 Rf7 23. Qc4 Bf8 24. Bxf8 Rxf8 25. Qa4 Qe7 26. Qxa7 Ra8 27. Qxb7
Bxe4 28. Nxe4 Rxa2 29. Rf2 Rfa8 30. d6 Qd8 31. Qxc7 Qh4 32. d7 Rxf2 33. d8=Q+
1-0

[Event "Scarborough CC-ch"]
[Site "Toronto CAN"]
[Date "2018.04.19"]
[Round "3.9"]
[White "Hay, Jonathan"]
[Black "Ghazarian, Tigran"]
[Result "1-0"]
[WhiteElo "2012"]
[BlackElo "1849"]
[PlyCount "47"]
[EventDate "2018.04.05"]
[EventType "swiss"]
[EventRounds "6"]
[EventCountry "CAN"]

1. d4 Nf6 2. Bf4 g6 3. Nc3 d5 4. e3 Bg7 5. h4 O-O 6. h5 Bg4 7. f3 Bc8 8. hxg6
hxg6 9. Qd2 Re8 10. g4 e6 11. Qh2 Re7 12. Nb5 Na6 13. Bh6 Bh8 14. Bg5 Bg7 15.
Bd3 Bd7 16. Bh6 Bh8 17. Bf4 Bg7 18. Nxc7 Nxc7 19. Bxc7 Qc8 20. Be5 Qd8 21. Ne2
Qa5+ 22. c3 Bb5 23. Qh4 Bxd3 24. Bxf6 1-0

[Event "Scarborough CC-ch"]
[Site "Toronto CAN"]
[Date "2018.04.26"]
[Round "4.1"]
[White "Southam, David"]
[Black "Issani, Nameer"]
[Result "1/2-1/2"]
[WhiteElo "2174"]
[BlackElo "1987"]
[PlyCount "78"]
[EventDate "2018.04.05"]
[EventType "swiss"]
[EventRounds "6"]
[EventCountry "CAN"]

1. d4 Nf6 2. c4 e6 3. Nc3 Bb4 4. e3 O-O 5. Nge2 c6 6. a3 Ba5 7. c5 d6 8. cxd6
Qxd6 9. b4 Bc7 10. g3 Qe7 11. Bg2 Nbd7 12. a4 Rd8 13. Qb3 e5 14. O-O Nb6 15. b5
Be6 16. Qc2 Rac8 17. bxc6 bxc6 18. Ba3 Qd7 19. Rfd1 Nfd5 20. Bc5 Nc4 21. e4
Nxc3 22. Nxc3 exd4 23. Bxd4 Qe7 24. Bf1 c5 25. Nd5 Bxd5 26. exd5 cxd4 27. Bxc4
Be5 28. Qd3 Rc5 29. Re1 Qc7 30. Bb5 Rcxd5 31. Rac1 Rc5 32. Rxc5 Qxc5 33. Qc4
Qxc4 34. Bxc4 Bf6 35. Bb5 g6 36. Re8+ Rxe8 37. Bxe8 Kf8 38. Bb5 Ke7 39. Kf1 Bg7
1/2-1/2

[Event "Scarborough CC-ch"]
[Site "Toronto CAN"]
[Date "2018.04.26"]
[Round "4.2"]
[White "Palacios, Bobby"]
[Black "Li, William"]
[Result "0-1"]
[WhiteElo "2053"]
[BlackElo "2227"]
[PlyCount "88"]
[EventDate "2018.04.05"]
[EventType "swiss"]
[EventRounds "6"]
[EventCountry "CAN"]

1. d4 Nf6 2. c4 e6 3. Nf3 b6 4. a3 Ba6 5. Qc2 Bb7 6. Nc3 c5 7. e4 cxd4 8. Nxd4
d6 9. Be2 Be7 10. O-O Nbd7 11. Re1 a6 12. Bg5 O-O 13. Bf1 Qc7 14. Rac1 Rac8 15.
f3 d5 16. cxd5 Bc5 17. Be3 exd5 18. Nxd5 Bxd5 19. exd5 Nxd5 20. Bf2 Bxd4 21.
Qxc7 Bxf2+ 22. Kxf2 Rxc7 23. Bxa6 Rxc1 24. Rxc1 Nc5 25. Bc4 Nf4 26. Rd1 h6 27.
Rd6 Rb8 28. g3 b5 29. Bf1 Nfe6 30. b4 Na4 31. f4 Kf8 32. f5 Ke7 33. Ra6 Nc7 34.
Rc6 Kd7 35. Bg2 Rb6 36. Rc2 Rd6 37. Ke3 Nd5+ 38. Kf2 Ndc3 39. Bf3 Nd1+ 40. Ke1
Ne3 41. Re2 Nc4 42. Kf2 Rd2 43. Rxd2+ Nxd2 44. Bd5 f6 0-1

[Event "Scarborough CC-ch"]
[Site "Toronto CAN"]
[Date "2018.04.26"]
[Round "4.3"]
[White "Xu, Jeffrey"]
[Black "Feng, Richard"]
[Result "1-0"]
[WhiteElo "2151"]
[BlackElo "2075"]
[PlyCount "91"]
[EventDate "2018.04.05"]
[EventType "swiss"]
[EventRounds "6"]
[EventCountry "CAN"]

1. e3 d5 2. d3 f5 3. Nf3 Nf6 4. b3 e6 5. Bb2 Bd6 6. c4 c6 7. Nc3 O-O 8. Be2 Qe8
9. Qc2 Na6 10. a3 Qg6 11. O-O Bd7 12. d4 Qh6 13. c5 Bc7 14. b4 Be8 15. b5 Nb8
16. Ne5 Bh5 17. Bd3 Ng4 18. Nxg4 fxg4 19. g3 Nd7 20. bxc6 bxc6 21. Qa4 Be8 22.
Qd1 Qh3 23. Be2 Bh5 24. Qa4 Rac8 25. Rfd1 Bg6 26. Bf1 Qh5 27. Bg2 Qf5 28. Rd2
a5 29. Rad1 Nf6 30. Re1 h5 31. Rc1 Ne4 32. Nxe4 dxe4 33. Bc3 Kh7 34. Rb1 Qd5
35. Rdb2 h4 36. Qd1 hxg3 37. hxg3 Qg5 38. Qe1 a4 39. Rb7 e5 40. Qe2 Rb8 41.
Rxb8 Rxb8 42. Rxb8 Bxb8 43. Qb2 exd4 44. Bxd4 Ba7 45. Qb7 Bf7 46. Qxf7 1-0

[Event "Scarborough CC-ch"]
[Site "Toronto CAN"]
[Date "2018.04.26"]
[Round "4.4"]
[White "Stefanovic, Miroslav"]
[Black "Picana, Andrew"]
[Result "1/2-1/2"]
[WhiteElo "2047"]
[BlackElo "2039"]
[PlyCount "126"]
[EventDate "2018.04.05"]
[EventType "swiss"]
[EventRounds "6"]
[EventCountry "CAN"]

1. d4 Nf6 2. c4 c5 3. d5 g6 4. Nc3 d6 5. e4 Bg7 6. Bd3 O-O 7. h3 Na6 8. Nf3 e6
9. O-O Nc7 10. Bg5 h6 11. Be3 e5 12. Qd2 Kh7 13. Ne2 Bd7 14. Nc3 Re8 15. a3 a5
16. b3 b6 17. a4 Na6 18. Rad1 Nc7 19. Nh2 Nh5 20. Ne2 g5 21. f3 Qe7 22. Qc2 Kg8
23. Qd2 Nf4 24. Kh1 Rf8 25. Bb1 Ne8 26. Ng1 Nf6 27. Bd3 N6h5 28. Qf2 Nxd3 29.
Rxd3 f5 30. exf5 Bxf5 31. Rdd1 Bc2 32. g4 Bxd1 33. Rxd1 Nf4 34. Qc2 Rab8 35.
Qe4 Qf7 36. Nf1 Ng6 37. Nd2 Nf4 38. Kh2 Bf6 39. Nf1 Qg6 40. Ng3 Qxe4 41. Nxe4
Be7 42. Kg3 Kg7 43. Bxf4 exf4+ 44. Kf2 Rbd8 45. Ne2 Rfe8 46. h4 Bf6 47. h5 Kf7
48. Nc1 Bb2 49. Nd3 Bd4+ 50. Ke2 Re7 51. Ndf2 Bg7 52. Kd3 Ke8 53. Re1 Kd7 54.
Re2 Ree8 55. Nd1 Kc7 56. Rg2 Bd4 57. Ndf2 Bxf2 58. Rxf2 Rxe4 59. fxe4 Re8 60.
Re2 Kd7 61. Rd2 Ke7 62. Ke2 Kf6 63. Kf3 Ke5 1/2-1/2

[Event "Scarborough CC-ch"]
[Site "Toronto CAN"]
[Date "2018.04.26"]
[Round "4.5"]
[White "Wang, Thomas"]
[Black "Huang, Youhe"]
[Result "1-0"]
[WhiteElo "1785"]
[BlackElo "1848"]
[PlyCount "127"]
[EventDate "2018.04.05"]
[EventType "swiss"]
[EventRounds "6"]
[EventCountry "CAN"]

1. e4 c5 2. Nf3 Nc6 3. Bb5 g6 4. O-O Bg7 5. c3 Qb6 6. Bxc6 bxc6 7. Qc2 Ba6 8.
Re1 e6 9. d3 Ne7 10. Bf4 e5 11. Bxe5 Bxe5 12. Nxe5 Rb8 13. b3 d6 14. Nf3 O-O
15. Nbd2 d5 16. Ne5 Rbd8 17. c4 dxe4 18. dxe4 Qc7 19. Nd3 Qd6 20. Re3 f5 21.
Nf3 fxe4 22. Rxe4 Bc8 23. Qe2 Nf5 24. Rd1 Ng7 25. Nb2 Qf6 26. Na4 Rxd1+ 27.
Qxd1 Rd8 28. Qe1 Ne6 29. h3 Bd7 30. Re5 Nf4 31. Re3 h5 32. Nxc5 Bf5 33. Re8+
Rxe8 34. Qxe8+ Kh7 35. Qe5 Kg7 36. Qxf4 Qa1+ 37. Kh2 Qxa2 38. Qe5+ Kg8 39. Qe8+
Kg7 40. Qxc6 Qxf2 41. Qc7+ Kg8 42. Qd8+ Kg7 43. Qd4+ Qxd4 44. Nxd4 Kf6 45. Nxf5
Kxf5 46. Nd3 Ke4 47. c5 Kd5 48. b4 g5 49. b5 Ke6 50. Nb4 Kd7 51. Nd5 Kc8 52. c6
Kd8 53. Kg3 Kc8 54. Kf3 Kb8 55. Ke4 Ka8 56. Kf5 Kb8 57. Kxg5 Ka8 58. Kxh5 Kb8
59. g4 Ka8 60. g5 Kb8 61. g6 Ka8 62. g7 a6 63. b6 a5 64. g8=Q# 1-0

[Event "Scarborough CC-ch"]
[Site "Toronto CAN"]
[Date "2018.04.26"]
[Round "4.6"]
[White "Zheng, Kevin"]
[Black "Ning, Eric"]
[Result "0-1"]
[WhiteElo "2022"]
[BlackElo "2076"]
[PlyCount "54"]
[EventDate "2018.04.05"]
[EventType "swiss"]
[EventRounds "6"]
[EventCountry "CAN"]

1. d4 Nf6 2. c4 g6 3. Nc3 d5 4. Bf4 Bg7 5. Nf3 O-O 6. e3 c5 7. dxc5 Qa5 8. Nd2
dxc4 9. Nxc4 Qxc5 10. Be2 Nc6 11. O-O e5 12. Bg5 Rd8 13. Qa4 Bf5 14. Rfd1 a6
15. Qb3 b5 16. Nd2 Na5 17. Qa3 Qxa3 18. bxa3 Bc2 19. Bf3 Rac8 20. Nde4 Rxd1+
21. Rxd1 Bxd1 22. Nxd1 Nxe4 23. Bxe4 Rc1 24. Bf3 e4 25. Be2 Nc4 26. Kf1 Nb2 27.
Ke1 Bc3+ 0-1

[Event "Scarborough CC-ch"]
[Site "Toronto CAN"]
[Date "2018.04.26"]
[Round "4.7"]
[White "Noor Ali, Aahil"]
[Black "Manalo, Pepin"]
[Result "1-0"]
[WhiteElo "2132"]
[BlackElo "2126"]
[PlyCount "159"]
[EventDate "2018.04.05"]
[EventType "swiss"]
[EventRounds "6"]
[EventCountry "CAN"]

1. d4 f5 2. c4 Nf6 3. Nc3 e6 4. g3 Be7 5. Bg2 c6 6. e3 O-O 7. Nf3 d5 8. cxd5
cxd5 9. O-O Nc6 10. Bd2 a6 11. Rc1 Qe8 12. Na4 Ne4 13. Nb6 Rb8 14. Ne1 g5 15.
f3 Nxd2 16. Qxd2 Qh5 17. Nd3 Bd6 18. f4 Bc7 19. Nxc8 Rbxc8 20. Nc5 Nd8 21. Nd7
Nc6 22. Nxf8 Rxf8 23. Bf3 g4 24. Be2 Ba5 25. Qd1 Qe8 26. a3 h5 27. b4 Bd8 28.
Kf2 Be7 29. Qa4 Qg6 30. Bxa6 Ra8 31. Qb5 Rxa6 32. Qxb7 Nxb4 33. Qc8+ Kf7 34.
axb4 Ra2+ 35. Rc2 Rxc2+ 36. Qxc2 Bxb4 37. Rb1 Be7 38. Qc8 h4 39. Qh8 h3 40. Rb8
Qg7 41. Qe8+ Kf6 42. Rb7 Qh7 43. Ra7 Qg7 44. Ke2 Qh7 45. Kd3 Qg7 46. Kc2 Qh7
47. Kb3 Qf7 48. Qxf7+ Kxf7 49. Ka4 Kf6 50. Kb5 Bd6 51. Ra6 Be7 52. Ra4 Kf7 53.
Kc6 Ke8 54. Ra8+ Kf7 55. Ra4 Ke8 56. Kc7 Kf7 57. Kc6 Ke8 58. Ra8+ Kf7 59. Ra7
Ke8 60. Rxe7+ Kxe7 61. Kc7 Kf7 62. Kd7 Kf6 63. Ke8 e5 64. fxe5+ Ke6 65. Kf8 f4
66. exf4 Kf5 67. Kg7 Ke4 68. e6 Kf3 69. e7 Kg2 70. e8=Q Kxh2 71. Qe1 Kg2 72. f5
h2 73. f6 h1=Q 74. Qxh1+ Kxh1 75. f7 Kg2 76. f8=Q Kxg3 77. Qd6+ Kf3 78. Qxd5+
Kg3 79. Qh1 Kf4 80. d5 1-0

[Event "Scarborough CC-ch"]
[Site "Toronto CAN"]
[Date "2018.05.03"]
[Round "5.1"]
[White "Issani, Nameer"]
[Black "Li, William"]
[Result "1/2-1/2"]
[WhiteElo "1987"]
[BlackElo "2227"]
[PlyCount "104"]
[EventDate "2018.04.05"]
[EventType "swiss"]
[EventRounds "6"]
[EventCountry "CAN"]

1. d4 Nf6 2. c4 e6 3. Nc3 Bb4 4. e3 b6 5. Nge2 c5 6. f3 cxd4 7. exd4 O-O 8. a3
Bxc3+ 9. Nxc3 d5 10. Bg5 dxc4 11. Bxc4 Nc6 12. d5 Ne5 13. Be2 exd5 14. Bxf6
Qxf6 15. Nxd5 Qh4+ 16. g3 Qh6 17. f4 Bb7 18. Ne7+ Kh8 19. O-O Rad8 20. Qc2 Qh3
21. Rf2 Ng4 22. Bxg4 Qxg4 23. Nc6 Rc8 24. Ne5 Qe6 25. Qe2 Rfe8 26. Qh5 f6 27.
Qf7 Re7 28. Qxe6 Rxe6 29. Nf3 Bxf3 30. Rxf3 Re2 31. Rc3 Rxc3 32. bxc3 Rc2 33.
Rd1 h6 34. Rd7 a5 35. Rc7 Ra2 36. Rb7 Rxa3 37. Rxb6 Rxc3 38. Ra6 Rc5 39. Kg2
Kg8 40. Ra7 g5 41. fxg5 fxg5 42. Kf3 Re5 43. Kg4 Kf8 44. Kh5 Ke8 45. g4 Kd8 46.
Kxh6 Kc8 47. Kh5 Kb8 48. Rd7 a4 49. h4 gxh4+ 50. Kxh4 a3 51. Rd1 Kc7 52. g5 a2
1/2-1/2

[Event "Scarborough CC-ch"]
[Site "Toronto CAN"]
[Date "2018.05.03"]
[Round "5.2"]
[White "Xu, Jeffrey"]
[Black "Southam, David"]
[Result "1-0"]
[WhiteElo "2151"]
[BlackElo "2174"]
[PlyCount "113"]
[EventDate "2018.04.05"]
[EventType "swiss"]
[EventRounds "6"]
[EventCountry "CAN"]

1. b3 d5 2. Bb2 Bf5 3. Nf3 e6 4. c4 c6 5. d3 h6 6. g3 Nf6 7. Bg2 Be7 8. O-O O-O
9. Nbd2 Bh7 10. Rc1 a5 11. Qc2 Nbd7 12. Qb1 Bd6 13. cxd5 exd5 14. Rfe1 Re8 15.
a3 Qb6 16. Qa1 Bc5 17. e3 Bxd3 18. Bxf6 Nxf6 19. Qc3 Bxa3 20. Ra1 Bb4 21. Qxd3
Ne4 22. Red1 Re7 23. Nf1 Rae8 24. Rac1 Qd8 25. N3d2 Nc5 26. Qc2 Qa8 27. Nf3 g6
28. h4 h5 29. Ng5 Ne6 30. Nxe6 Rxe6 31. Nd2 Qb8 32. Nf3 R6e7 33. Ng5 Re5 34.
Bf3 R5e7 35. Kg2 Qe5 36. Nh3 Qg7 37. Nf4 Bd6 38. Nd3 Be5 39. Qd2 Bc7 40. Nc5
Bd8 41. Rc2 Qf6 42. Nd3 Qd6 43. Nf4 Qf6 44. Qc1 Bb6 45. Bxd5 cxd5 46. Nxd5 Qe5
47. Nxe7+ Qxe7 48. Rc8 Rxc8 49. Qxc8+ Kg7 50. Qc4 Bc5 51. Qc3+ Kh7 52. Qxa5
Qe4+ 53. Kg1 Qf3 54. Qd2 Bb4 55. Qd5 Qf6 56. Qxb7 Bf8 57. Qd5 1-0

[Event "Scarborough CC-ch"]
[Site "Toronto CAN"]
[Date "2018.05.03"]
[Round "5.3"]
[White "Lei, Sean"]
[Black "Wang, Thomas"]
[Result "1-0"]
[WhiteElo "2163"]
[BlackElo "1785"]
[PlyCount "55"]
[EventDate "2018.04.05"]
[EventType "swiss"]
[EventRounds "6"]
[EventCountry "CAN"]

1. e4 e5 2. Nf3 Nc6 3. d4 exd4 4. Bc4 Bb4+ 5. c3 dxc3 6. O-O Nge7 7. bxc3 Bc5
8. Ng5 Ne5 9. Bxf7+ Nxf7 10. Nxf7 Kxf7 11. Qh5+ Ng6 12. Qxc5 Qe7 13. Qxc7 Qxe4
14. Nd2 Qc6 15. Qg3 Re8 16. Nf3 d5 17. Nd4 Qc4 18. Rb1 Qxa2 19. Rb2 Qa5 20. Nb5
Re5 21. Bf4 Re7 22. Nc7 Re4 23. Bd6 Nh4 24. Bb4 Qb6 25. Nxa8 Qg6 26. Qxg6+ hxg6
27. Nc7 Re5 28. f4 1-0

[Event "Scarborough CC-ch"]
[Site "Toronto CAN"]
[Date "2018.05.03"]
[Round "5.4"]
[White "Ning, Eric"]
[Black "Stefanovic, Miroslav"]
[Result "0-1"]
[WhiteElo "2076"]
[BlackElo "2047"]
[PlyCount "96"]
[EventDate "2018.04.05"]
[EventType "swiss"]
[EventRounds "6"]
[EventCountry "CAN"]

1. d4 Nf6 2. c4 c5 3. d5 g6 4. Nc3 Bg7 5. e4 d6 6. Nf3 O-O 7. Bd3 e6 8. O-O
exd5 9. exd5 a6 10. Re1 Nh5 11. h3 f5 12. Bg5 Bf6 13. Qd2 Nd7 14. Bxf6 Ndxf6
15. a3 Bd7 16. b4 b6 17. Re2 Qc7 18. Rae1 Rae8 19. Ng5 Rxe2 20. Rxe2 Re8 21.
Rxe8+ Nxe8 22. Qe2 Qd8 23. Ne6 Qf6 24. Nd1 Bxe6 25. Qxe6+ Qxe6 26. dxe6 Nf4 27.
Bb1 Nxe6 28. Nc3 Nf6 29. Bd3 Kf7 30. Kf1 Nf4 31. Bc2 Ke6 32. Ne2 Nxe2 33. Kxe2
Ke5 34. bxc5 dxc5 35. Ke3 g5 36. g3 f4+ 37. gxf4+ gxf4+ 38. Kf3 h6 39. Bb1 b5
40. Ba2 Ne4 41. h4 bxc4 42. Kg4 Nd2 43. Bxc4 Nxc4 44. Kh5 Nd6 45. Kxh6 Nf5+ 46.
Kg5 c4 47. h5 c3 48. h6 Nxh6 0-1

[Event "Scarborough CC-ch"]
[Site "Toronto CAN"]
[Date "2018.05.03"]
[Round "5.5"]
[White "Noor Ali, Aahil"]
[Black "Hay, Jonathan"]
[Result "0-1"]
[WhiteElo "2132"]
[BlackElo "2012"]
[PlyCount "66"]
[EventDate "2018.04.05"]
[EventType "swiss"]
[EventRounds "6"]
[EventCountry "CAN"]

1. d4 c6 2. c4 Nf6 3. Nc3 d5 4. e3 a6 5. a4 Bf5 6. a5 e6 7. c5 Nbd7 8. Bd3 Bxd3
9. Qxd3 e5 10. Nge2 g6 11. O-O Bg7 12. Bd2 O-O 13. f3 Ne8 14. f4 exd4 15. exd4
f5 16. b4 Nc7 17. Rae1 Nf6 18. Be3 Ne4 19. Nxe4 dxe4 20. Qc4+ Qd5 21. Rc1 Rad8
22. Rfd1 Rd7 23. Kf2 Kh8 24. Qxd5 Nxd5 25. Rc4 Rfd8 26. h3 Bf6 27. g3 h6 28.
Rd2 Kh7 29. Rd1 Nc7 30. Rc2 Ne6 31. Rc4 g5 32. Kg2 Rg8 33. Kh2 Nc7 0-1

[Event "Scarborough CC-ch"]
[Site "Toronto CAN"]
[Date "2018.05.03"]
[Round "5.6"]
[White "Yie, Kevin"]
[Black "Huang, Youhe"]
[Result "1-0"]
[WhiteElo "2150"]
[BlackElo "1848"]
[PlyCount "67"]
[EventDate "2018.04.05"]
[EventType "swiss"]
[EventRounds "6"]
[EventCountry "CAN"]

1. d4 Nf6 2. Nf3 e6 3. Bf4 b6 4. e3 Bb7 5. Nbd2 Be7 6. h3 O-O 7. Be2 d6 8. O-O
Nbd7 9. a4 a5 10. Ne1 Nd5 11. Bh2 Re8 12. Nd3 Bf8 13. Bf3 Ra7 14. Nc4 Ba6 15.
b3 N5f6 16. Re1 Bxc4 17. bxc4 e5 18. Bc6 exd4 19. exd4 Rxe1+ 20. Qxe1 Nb8 21.
Bf3 d5 22. cxd5 Nxd5 23. Qe5 Nf6 24. Nf4 Bd6 25. Qe3 Na6 26. Re1 Nb4 27. Qd2
Qd7 28. c3 Qxa4 29. Nh5 Bxh2+ 30. Kxh2 Nxh5 31. Bxh5 Na6 32. Qa2 Qd7 33. Qd5
Nb8 34. Bxf7+ 1-0

[Event "Scarborough CC-ch"]
[Site "Toronto CAN"]
[Date "2018.05.10"]
[Round "6.1"]
[White "Stefanovic, Miroslav"]
[Black "Xu, Jeffrey"]
[Result "1/2-1/2"]
[WhiteElo "2047"]
[BlackElo "2151"]
[PlyCount "51"]
[EventDate "2018.04.05"]
[EventType "swiss"]
[EventRounds "6"]
[EventCountry "CAN"]

1. d4 e6 2. c4 Nf6 3. Nf3 Bb4+ 4. Bd2 Qe7 5. g3 Nc6 6. Bg2 Bxd2+ 7. Qxd2 Ne4 8.
Qc2 Qb4+ 9. Kf1 d5 10. b3 O-O 11. a3 Qe7 12. Nc3 Nf6 13. h3 Rd8 14. cxd5 exd5
15. Kg1 Ne4 16. e3 Nxc3 17. Qxc3 Rd6 18. Kh2 Rh6 19. b4 a6 20. Rac1 Qf6 21. Kg1
Qd8 22. a4 Qe8 23. Qc5 Be6 24. Ng5 Rc8 25. Bxd5 Bxd5 26. Qxd5 1/2-1/2

[Event "Scarborough CC-ch"]
[Site "Toronto CAN"]
[Date "2018.05.10"]
[Round "6.2"]
[White "Hay, Jonathan"]
[Black "Issani, Nameer"]
[Result "1/2-1/2"]
[WhiteElo "2012"]
[BlackElo "1987"]
[PlyCount "52"]
[EventDate "2018.04.05"]
[EventType "swiss"]
[EventRounds "6"]
[EventCountry "CAN"]

1. d4 Nf6 2. Bf4 e6 3. e3 d5 4. Nd2 Nbd7 5. Ngf3 b6 6. Bd3 Bb7 7. c3 Be7 8. Ne5
Nxe5 9. dxe5 Nd7 10. h4 f5 11. Nf3 c5 12. Rg1 h5 13. Qa4 a6 14. Bxf5 exf5 15.
e6 b5 16. exd7+ Qxd7 17. Qc2 Bf6 18. Ne5 Bxe5 19. Bxe5 Qe6 20. f4 O-O 21. Kf2
Rac8 22. Qe2 Qg6 23. Qf3 Rf7 24. Qg3 Qg4 25. Qxg4 fxg4 26. g3 Bc6 1/2-1/2

[Event "Scarborough CC-ch"]
[Site "Toronto CAN"]
[Date "2018.05.10"]
[Round "6.3"]
[White "Southam, David"]
[Black "Wang, Thomas"]
[Result "1/2-1/2"]
[WhiteElo "2174"]
[BlackElo "1785"]
[PlyCount "102"]
[EventDate "2018.04.05"]
[EventType "swiss"]
[EventRounds "6"]
[EventCountry "CAN"]

1. d4 d5 2. c4 e6 3. Nf3 Nf6 4. g3 Be7 5. Bg2 O-O 6. O-O dxc4 7. Qc2 c6 8. Qxc4
b5 9. Qc2 Bb7 10. Nbd2 Qb6 11. Nb3 Nbd7 12. Be3 Nd5 13. Bg5 Nb4 14. Qc1 Bd6 15.
Bf4 Be7 16. Qd2 Na6 17. Qa5 c5 18. dxc5 Bxc5 19. Qxb6 Bxb6 20. Rfd1 Nf6 21.
Nfd4 Bxg2 22. Kxg2 b4 23. Rac1 Rfd8 24. Nc6 Rxd1 25. Rxd1 Ne4 26. f3 Nec5 27.
Nxc5 Bxc5 28. Bd6 h6 29. b3 Bb6 30. Nxb4 Nxb4 31. Bxb4 Rc8 32. Be1 Rc7 33. f4
Kh7 34. Kf3 g5 35. Bf2 Rc3+ 36. Kg2 gxf4 37. Bxb6 axb6 38. Rd6 fxg3 39. Rxb6
gxh2 40. Kxh2 Rc2 41. a4 Rxe2+ 42. Kg3 Ra2 43. Rb5 Kg6 44. a5 f5 45. b4 Kg5 46.
Rb8 Ra3+ 47. Kg2 Kf4 48. Rb6 Ra2+ 49. Kh3 Ra1 50. Rxe6 Kf3 51. Kh2 Ra2+ 1/2-1/2

[Event "Scarborough CC-ch"]
[Site "Toronto CAN"]
[Date "2018.05.10"]
[Round "6.4"]
[White "Yie, Kevin"]
[Black "Noor Ali, Aahil"]
[Result "1/2-1/2"]
[WhiteElo "2150"]
[BlackElo "2132"]
[PlyCount "156"]
[EventDate "2018.04.05"]
[EventType "swiss"]
[EventRounds "6"]
[EventCountry "CAN"]

1. d4 Nf6 2. Bf4 e6 3. e3 b6 4. Nf3 Bb7 5. Be2 d6 6. h3 Nbd7 7. c4 Be7 8. Nc3
a6 9. a4 O-O 10. O-O Ne4 11. Nxe4 Bxe4 12. a5 bxa5 13. Rxa5 c5 14. Qa1 Qb6 15.
Nd2 Bc6 16. b3 Rfd8 17. dxc5 Nxc5 18. Rb1 Bf6 19. Qa2 Bc3 20. Ra3 Bb4 21. Qb2
Bxa3 22. Qxa3 e5 23. Bg3 Ne4 24. Nxe4 Bxe4 25. Rc1 Rab8 26. Bd1 a5 27. c5 Qb4
28. Qxb4 Rxb4 29. cxd6 f6 30. f3 Bd5 31. Be1 Rb5 32. e4 Bxb3 33. Be2 Rb7 34.
Bxa5 Rxd6 35. Rb1 Kh8 36. Kh2 h6 37. Bc4 Ra7 38. Rxb3 Rxa5 39. h4 h5 40. Bf7
Kh7 41. Rb2 Kh6 42. Rb8 g5 43. Bd5 gxh4 44. Kh3 Kg5 45. Rg8+ Kf4 46. Kxh4 Ra1
47. Kxh5 f5 48. g3+ Kxf3 49. Rf8 Kxg3 50. Rxf5 Rh1+ 51. Kg5 Rdh6 52. Bf7 R6h4
53. Rxe5 Rg4+ 54. Kf6 Rf4+ 55. Ke7 Rh7 56. Rf5 Rxe4+ 57. Kf8 Rb4 58. Kg8 Rhh4
59. Rg5+ Rhg4 60. Rxg4+ Kxg4 61. Kh8 Kg5 62. Bg8 Rb7 63. Bh7 Kf6 64. Bg8 Kg6
65. Bd5 Rb5 66. Be4+ Kf6 67. Bh7 Kf7 68. Bg8+ Kf8 69. Bh7 Rb7 70. Be4 Rb2 71.
Bh7 Kf7 72. Bg8+ Kf6 73. Bh7 Rh2 74. Kg8 Rb2 75. Kh8 Rb7 76. Bg8 Kg6 77. Bd5
Rb5 78. Be4+ Kh6 1/2-1/2

[Event "Scarborough CC-ch"]
[Site "Toronto CAN"]
[Date "2018.05.10"]
[Round "6.5"]
[White "Huang, Youhe"]
[Black "Zheng, Kevin"]
[Result "0-1"]
[WhiteElo "1848"]
[BlackElo "2022"]
[PlyCount "82"]
[EventDate "2018.04.05"]
[EventType "swiss"]
[EventRounds "6"]
[EventCountry "CAN"]

1. e4 c5 2. Nf3 Nc6 3. d4 cxd4 4. Nxd4 g6 5. Nc3 Bg7 6. Be3 Nf6 7. Bc4 Qa5 8.
O-O O-O 9. Bb3 d6 10. f3 Bd7 11. Qd2 Rac8 12. Rad1 Rfd8 13. Qf2 Ne5 14. g4 h6
15. Qh4 g5 16. Qf2 Nc4 17. Bxc4 Rxc4 18. Nb3 Qa6 19. Bxa7 b5 20. Bd4 b4 21.
Bxf6 Bxf6 22. Nd5 Qxa2 23. Nxf6+ exf6 24. Rxd6 Qxb2 25. Qb6 Rdc8 26. Nd4 Qc3
27. Rxd7 Qe3+ 28. Kh1 Rxc2 29. Rd8+ Kh7 30. Rxc8 Qd3 31. Rg1 Rxc8 32. Qxf6 Rc7
33. Qf5+ Kg8 34. Qe5 Rc8 35. Ra1 b3 36. Nf5 Qxf3+ 37. Kg1 Qxg4+ 38. Qg3 Qxg3+
39. hxg3 b2 40. Ne7+ Kh7 41. Rf1 Rc1 0-1